| 000 | 01414cam a2200433 i 4500 | ||
|---|---|---|---|
| 001 | 6410 | ||
| 003 | FISKH | ||
| 005 | 20250826102329.0 | ||
| 008 | 100429s2009 nyua j 000 0 eng | ||
| 010 | _a 2010279003 | ||
| 020 | _a0545144779 | ||
| 020 | _a9780545144773 | ||
| 020 | _a9780545144773 | ||
| 040 |
_aDLC _beng _cDLC _erda _dDLC |
||
| 050 | _aSB186 .B47 | ||
| 082 | _a633.3 | ||
| 100 | 1 | _aBerger, Melvin. | |
| 245 | 1 | 0 |
_aTime to harvest / _cby Melvin and Gilda Berger. |
| 260 |
_aNew York : _bScholastic, _c2009. |
||
| 300 |
_a16 pages : _bcolor illustrations ; _c23 cm. |
||
| 336 |
_atext _2rdacontent |
||
| 337 |
_aunmediated _2rdamedia |
||
| 338 |
_avolume _2rdacarrier |
||
| 490 | 0 | _aDiscovering my world | |
| 500 | _a"This edition is available for distribution only through the school market"--p. [4] of cover. | ||
| 505 | _aE | ||
| 520 | _a"Lots of fruits and vegetables are ready to harvest in the fall. What do you know about fall harvests?"--Back cover. | ||
| 521 | 8 |
_a170
_bLexile |
|
| 521 | 8 |
_aE
_bRaz-Plus |
|
| 650 | 0 |
_aFood crops _xHarvesting _vJuvenile literature. |
|
| 650 | 0 |
_aHarvesting _vJuvenile literature. |
|
| 650 | 0 |
_aAutumn _vJuvenile literature. |
|
| 650 | 1 |
_aFood crops _xHarvesting. |
|
| 650 | 1 | _aAutumn. | |
| 700 | 1 |
_aBerger, Gilda. _eAuthor |
|
| 906 |
_a7 _bcbc _corigres _d2 _encip _f20 _gy-gencatlg |
||
| 942 |
_2ddc _cBK _n0 |
||
| 999 |
_c6410 _d6410 |
||